LEADER 01351nam 2200253la 450 001 9910482587003321 005 20221102152505.0 035 $a(UK-CbPIL)2090313866 035 $a(CKB)5500000000093304 035 $a(EXLCZ)995500000000093304 100 $a20221102d1601 uy | 101 0 $adan 135 $aurcn||||a|bb| 200 10$aDen anden Part Chronologiae, Continuatz, oc Forfølge, paa vore Danske Historier, siden Saxo døde. Indeholdendis: Kong Erich Mendueds Historie, Kong Christoffers den II. hans Broder, Konning Woldemar den IIII. Christophori Søn, fra Aar 1286. oc til 1375. som er CXI. Aars Historier ved Arrild Huidtfeld 210 $aCopenhagen $cHeinrich Waldkirch$d1601 215 $aOnline resource ([12], 630 s., [2] falsede tav.) 300 $aReproduction of original in Det Kongelige Bibliotek / The Royal Library (Copenhagen). 700 $aHuitfeldt$b Arild$f1546-1609.$0854816 801 0$bUk-CbPIL 801 1$bUk-CbPIL 906 $aBOOK 912 $a9910482587003321 996 $aDen anden Part Chronologiae, Continuatz, oc Forfølge, paa vore Danske Historier, siden Saxo døde. Indeholdendis: Kong Erich Mendueds Historie, Kong Christoffers den II. hans Broder, Konning Woldemar den IIII. Christophori Søn, fra Aar 1286. oc til 1375. som er CXI. Aars Historier ved Arrild Huidtfeld$92068799 997 $aUNINA